000 00561nam a2200193 4500
003 DO-SdBNP
005 20180208094855.0
008 161122b2000 sp||||| |||| 00| 0 spa d
020 _a8420444812
040 _aBPMSU
_bspa
_cBPMSU
100 _aTabern, Peter
245 _a¡Vuelven los piratas! /
_cPeter Tabern ; traducción de Herminia Bevia
260 _aMadrid :
_bAlfaguara ,
_c2000
300 _a167 p. :
_bil. :
_c22 cm
700 _aTraducción de Bevia, Herminia
942 _2ddc
_cBK
945 _ainventariado, 2018 / dg
956 _adgarcia
999 _c12019
_d12019